000 00811nam a2200217Ii 4500
003 JO-AjNU
008 230605s9999||||xx |||||||||||||| ||und||
040 _aJO-AjNU
_bara
_erda
_cJO-AjNU
041 _aara
050 1 4 _aPJ6073.T2 1981
100 3 _aتاليف طحان،ريمون,
_eauthor
_916946
245 0 0 _aالألسنية العربية النحو-الجملة-الاسلوب-خاتمتة (الالسنة 2)
250 _aط2
264 3 1 _aبيروت: دار الكتاب اللبناني،1981
300 _a165ص
336 _atext
_btxt
_2rdacontent
337 _aunmediated
_bn
_2rdamedia
338 _avolume
_bnc
_2rdacarrier
490 0 _aسلسلة الالسنة
650 4 _aاللغة العربية-الالسنة العربية-النحو-الجمله-الاسلوب-قواعد
_916947
999 _aA5133
_c8701
_d8701